100 Maiores Municípios do RS - Statistics

Estatísticas Gerais
  • Esse quiz foi jogado 50 vezes
  • A pontuação média é 46 de 100
Estatísticas das Respostas
População Resposta % Correto
1 332 570 Porto Alegre
97%
347 657 Canoas
94%
463 338 Caxias do Sul
91%
271 633 Santa Maria
91%
325 689 Pelotas
89%
117 210 Uruguaiana
89%
206 224 Passo Fundo
86%
191 900 Rio Grande
86%
105 705 Erechim
80%
40 134 Gramado
80%
227 732 Novo Hamburgo
80%
117 938 Bagé
77%
72 409 Alegrete
74%
123 151 Bento Gonçalves
74%
265 074 Gravataí
74%
98 500 Lajeado
74%
217 410 São Leopoldo
74%
136 258 Cachoeirinha
71%
84 726 Ijuí
71%
41 751 Torres
71%
48 946 Canela
69%
224 116 Viamão
69%
84 421 Santana do Livramento
66%
132 107 Sapucaia do Sul
66%
92 924 Guaíba
63%
133 230 Santa Cruz do Sul
63%
58 487 São Gabriel
63%
76 137 Esteio
60%
76 917 Santo Ângelo
60%
59 676 São Borja
60%
187 315 Alvorada
57%
63 594 Capão da Canoa
57%
54 387 Tramandaí
57%
64 187 Vacaria
57%
58 913 Cruz Alta
54%
82 000 Santa Rosa
54%
24 021 Veranópolis
54%
80 070 Cachoeira do Sul
51%
69 885 Farroupilha
51%
32 627 Frederico Westphalen
51%
47 400 Osório
51%
61 804 Carazinho
49%
32 183 Estrela
46%
35 768 Itaqui
43%
63 624 Montenegro
43%
75 648 Sapiranga
43%
62 200 Camaquã
40%
34 335 Garibaldi
40%
23 177 Nova Petrópolis
40%
68 653 Venâncio Aires
40%
26 603 Jaguarão
37%
42 942 Santo Antônio da Patrulha
37%
35 012 Charqueadas
34%
36 981 Dom Pedrito
34%
43 515 Panambi
34%
23 500 Quaraí
34%
30 983 Santa Vitória do Palmar
34%
22 851 Sarandi
34%
62 886 Campo Bom
31%
30 709 Dois Irmãos
31%
32 808 Igrejinha
31%
22 983 Ivoti
31%
27 659 Lagoa Vermelha
31%
45 126 Marau
31%
21 893 São Francisco de Paula
31%
29 991 Soledade
31%
53 242 Taquara
31%
27 498 Triunfo
31%
21 958 Arroio do Meio
29%
28 906 Candelária
29%
30 418 Carlos Barbosa
29%
39 559 Eldorado do Sul
29%
26 824 Imbé
29%
34 072 Portão
29%
34 654 Rio Pardo
29%
36 630 Rosário do Sul
29%
25 443 São José do Norte
29%
24 425 Três Coroas
29%
49 680 Canguçu
26%
41 989 São Lourenço do Sul
26%
25 198 Taquari
26%
32 797 Teutônia
26%
32 515 Caçapava do Sul
23%
30 892 Flores da Cunha
23%
29 024 Nova Santa Rita
23%
48 938 Santiago
23%
25 436 Três Passos
23%
22 962 Encantado
20%
47 912 Estância Velha
20%
25 268 Guaporé
20%
33 216 Palmeira das Missões
20%
24 428 São Sebastião do Caí
20%
23 819 Encruzilhada do Sul
17%
52 058 Parobé
17%
34 752 São Luiz Gonzaga
17%
24 557 Tapejara
17%
24 916 Três de Maio
17%
26 487 Capão do Leão
14%
25 692 Nova Prata
14%
26 710 Vera Cruz
14%
Nenhum quiz correspondente encontrado
Distribuição das Pontuações
Porcentagem de Pessoas com Cada Pontuação
Percentil de Números Respondidos
Sua Pontuação Histórica
Você não jogou esse quiz